000 00787nam a2200253Ia 4500
003 OSt
005 20220918170552.0
006 a|||||r|||| 00| 0
007 ta
008 220917b |||||||| |||| 00| 0 eng d
020 _a9780393329254 (pbk)
_c2032.10
024 _a289,123
037 _b317, 03/03/2016, Classic Book Service
_cTextual
040 _aARTS
_cARTS
_beng
041 _2eng
_aeng
082 _aSM9xN01,EC, P6
100 _aLacan Jacques
_929846
245 0 _aEcrits
_b The first complete edition in english
260 _aNew York
_bW.W. Norton & Co. U.S.A.
_c2006
300 _axiv, 878p.
_ccm.
650 _aPSYCHOLOGY
942 _hSM9xN01,EC, P6
_cTEXL
_2CC
999 _c134707
_d134707